La dama del perrito y otros relatos

Salvato in:
Dettagli Bibliografici
Autore principale: Chejov, Anton Pavlovich (Autore)
Natura: Libro
Lingua:spagnolo
Pubblicazione: Santiago Quimantú 1973
Edizione:2a. ed
Serie:Colección Quimantú para Todos
Soggetti:
Tags: Aggiungi Tag
Nessun Tag, puoi essere il primo ad aggiungerne!!

MARC

LEADER 00000nam a2200000 a 4500
001 UCH6684
003 CL-VaPUC
008 091109e19730000CL |||||||||||||||||spa|d
082 0 4 |a 891.702  |b CHE  |2 21 
100 0 |a Chejov, Anton Pavlovich  |e author  |9 352083 
245 1 3 |a La dama del perrito y otros relatos 
250 |a 2a. ed 
300 |a 181 p 
942 |c BK 
945 |d 20091109 00:00:00  |a lazolas 
260 |a Santiago  |b Quimantú  |c 1973 
650 0 |a Dramas rusos  |9 267682 
583 |a last modification  |c 20091109 00:00:00  |k Rodrigo Vera 
490 0 |a Colección Quimantú para Todos 
999 |c 337526  |d 337524